| 000 | 01605cam a22004574i 4500 | ||
|---|---|---|---|
| 003 | PE-LiUPU | ||
| 005 | 20250731172757.0 | ||
| 008 | 150617s r 000 0 d | ||
| 035 | _a(Sirsi) a12805 | ||
| 040 |
_aPE-LiUPU _bspa _cPE-LiUPU _erda |
||
| 049 | _aPRUA | ||
| 082 | 0 | 4 |
_a236.1 _bH28 _221 |
| 100 | 1 |
_aHaynes, Carlyle B., _eautor. |
|
| 245 | 1 | 4 |
_aThe other side of death / _cCarlyle B. Haynes. |
| 264 | 1 |
_aUSA : _bSouthern, _c1944. |
|
| 300 |
_a95 páginas : _bil. ; _c20 cm. |
||
| 336 |
_atext _2rdacontent |
||
| 337 |
_aunmediated _2rdamedia |
||
| 338 |
_avolume _2rdacarrier |
||
| 505 | 0 | _aAbsolute and Conditional life -- Immortality -- The creation of man -- Death -- The Wagws of sin -- The Punishment of the wicket -- Spiritualism -- The second Coming of Christ -- The millennium and hell -- The reward of the Righteos. | |
| 526 | _aSEG42 | ||
| 526 | _aSEG41 | ||
| 526 | _aSEG40 | ||
| 526 | _aSEG39 | ||
| 526 | _aP94 | ||
| 526 | _aP87 | ||
| 526 | _aP86 | ||
| 526 | _aP85 | ||
| 526 | _aP77 | ||
| 526 | _aP76 | ||
| 526 | _aP35 | ||
| 650 | 0 | 4 | _aMUERTE. |
| 650 | 0 | 4 | _aVIDA FUTURA. |
| 910 |
_ajck _bjvq _cjck _d20150616 |
||
| 942 |
_2ddc _cBOOK |
||
| 949 |
_a236.1 H28 _wDEWEY _c1 _i23230 _lCCODEBUL1 _mBUL _p00.00 _r0 _sY _tBOOK _u19841201 _xTEOLOGIA _PP35 _0COMPRA _o.STAFF. Colección general |
||
| 994 |
_aC0 _bPEPRU |
||
| 596 | _a1 | ||
| 999 |
_a236.1 H28 _wDEWEY _c3104 _i23230 _f2021-11-11 _g5 _lCCODEBUL1 _mBUL _r0 _sY _tBOOK _u2015-6-17 _xTEOLOGIA _PP35 _0COMPRA _o.STAFF. Colección general _d3104 |
||
| 980 |
_81 _gALBERTO SANCHEZ Responsable de Automatización |
||